Riconosci lo Stato - Quiz n°38 - Statistics

Statistiche generali
  • Questo quiz è stato fatto 38 volte
  • Il punteggio medio è 10 su 12
Statistiche sulle risposte
Indizio Risposta % Corretto
Valuta Naira
97%
Iniziale della Capitale A
94%
Indipendenza 1º ottobre 1960 dal Regno Unito
90%
Fuso Orario UTC+1
90%
Presidente della Repubblica Bola Tinubu
84%
Superficie 923 768 km²
81%
Forma di Governo Repubblica presidenziale federale
81%
Popolazione 215 548 400 ab.
74%
ISU 0,535
71%
Tasso di crescita 2,58%
68%
PIL (nominale) 510 588 milioni di $
68%
Risposta Nigeria
65%
Nessun quiz corrispondente trovato
Distribuzione punteggi
Percentuale di utenti per punteggio
Percentile per numero di risposta
I tuoi punteggi nel tempo
Non hai fatto questo quiz